ARRUPE JESUIT UNIVERSITY

CORONAVIRUS -STOP THE SPREAD - CLEAN,DISINFECT,COVER

The Trinity and God the creator : (Record no. 120532)

MARC details
000 -LEADER
fixed length control field 00970nam a2200289 4500
001 - CONTROL NUMBER
control field 979872
003 - CONTROL NUMBER IDENTIFIER
control field ARRUPE
005 - DATE AND TIME OF LATEST TRANSACTION
control field 20160216095209.0
008 - FIXED-LENGTH DATA ELEMENTS--GENERAL INFORMATION
fixed length control field 761005s1952 xx 000 0 eng d
010 ## - LIBRARY OF CONGRESS CONTROL NUMBER
LC control number 52011298
020 ## - INTERNATIONAL STANDARD BOOK NUMBER
International Standard Book Number 9781475185928
035 ## - SYSTEM CONTROL NUMBER
System control number (OCoLC)ocm02482797
040 ## - CATALOGING SOURCE
Original cataloging agency BJO
Transcribing agency BJO
Modifying agency ZCU
041 1# - LANGUAGE CODE
Language code of text/sound track or separate title englat
050 ## - LIBRARY OF CONGRESS CALL NUMBER
Classification number B765.T54.G32
300 ## - PHYSICAL DESCRIPTION
Dimensions 24 cm.
100 1# - MAIN ENTRY--PERSONAL NAME
Personal name Garrigou-Lagrange, Réginald,
Dates associated with a name 1877-1964.
9 (RLIN) 10338
245 14 - TITLE STATEMENT
Title The Trinity and God the creator :
Remainder of title a commentary on St. Thomas' Theological Summa, Ia, q. 27-119 /
Statement of responsibility, etc by Reginald Garrigou-Lagrange ; translated by Frederic C. Eckhoff.
260 ## - PUBLICATION, DISTRIBUTION, ETC. (IMPRINT)
Place of publication, distribution, etc Sti Ludovici
Name of publisher, distributor, etc Ex Fontibus
Date of publication, distribution, etc 2012
300 ## - PHYSICAL DESCRIPTION
Extent v, 675 p. ;
650 #0 - SUBJECT ADDED ENTRY--TOPICAL TERM
Topical term or geographic name as entry element Trinity.
9 (RLIN) 10339
650 #0 - SUBJECT ADDED ENTRY--TOPICAL TERM
Topical term or geographic name as entry element Thomas Aquinas, St.
General subdivision Summa theologica
9 (RLIN) 10340
650 #0 - SUBJECT ADDED ENTRY--TOPICAL TERM
Topical term or geographic name as entry element Angels
General subdivision Christianity
9 (RLIN) 10341
650 #0 - SUBJECT ADDED ENTRY--TOPICAL TERM
Topical term or geographic name as entry element Creation.
9 (RLIN) 10342
650 #0 - SUBJECT ADDED ENTRY--TOPICAL TERM
Topical term or geographic name as entry element Thological anthropology
General subdivision Christianity
9 (RLIN) 10343
942 ## - ADDED ENTRY ELEMENTS (KOHA)
Source of classification or shelving scheme Library of Congress Classification
Koha item type Monograph ( Printed materials)
Koha issues (borrowed), all copies 1
Holdings
Withdrawn status Lost status Source of classification or shelving scheme Damaged status Not for loan Collection code Home library Current library Shelving location Date acquired Total Checkouts Full call number Barcode Date last seen Date checked out Price effective from Koha item type
    Library of Congress Classification     Main Collection ARRUPE LIBRARY ARRUPE LIBRARY Main Collection 19/05/2014 2 B765.T531 S8 G32 46500000735 29/08/2018 24/08/2018 19/05/2014 Monograph ( Printed materials)

 

Arrupe Library. PO Box MP320 Mt Pleasant, Harare, Zimbabwe
263 242 745411|librarian@aju.ac.zw